00694 2200181 4500001002100000005001700021008004100038035002400079082000800103090001700111100003300128245015900161260008100320300004400401504002700445650002200472990001800494YOGYA-0313000000024420130313083859.0 ind  0010-031300000000244 a354 aSK 354 Sit P aSITI NURHARTATI PURWANINGSIH aPengaruh manajemen operasional dana pembangunan Desa dan partisipasi aparat Desa pada penguatan pemerintah Desacdisusun oleh Siti Nurhartati Purwaningsih bYogyakarta: Sekolah Tinggi Ilmu Sosial dan Ilmu Politik Kartika Bangsac2001 aII, 21(4) lbr. :bilus, lamp. ;c29 cm. aBibliografi: (lbr. 22) aPemerintahan desa a44556-PD/A.12